000 00707nam a22001937a 4500
003 NUST - PNEC
005 20170116181204.0
008 160222b xxu||||| |||| 00| 0 eng d
020 _a9788184871845
040 _cLIBRARY
082 _a621.30284 KOT
100 _916576
_aKothari, D. P.
245 _aElectrical and electronics materials
_cD.P. Kothari
260 _aNew Delhi
_bNarosa Publishing House
_cc.2016
300 _aVarious pages
650 _916577
_aElectrical engineering--Materials
_xEL / ME / MIS
856 _uhttp://www.amazon.com/Electrical-Electronics-Materials-D-Kothari/dp/1842657402/ref=sr_1_12?s=books&ie=UTF8&qid=1456118581&sr=1-12&keywords=Kothari%2C+D.+P.
942 _2ddc
_cBK
999 _c71566
_d71566